000 00465nam a2200169 a 4500
001 0000-8859
003 ELIB.Books
008 110520 1985
035 _a(ELIB.Books)0000-9005
082 _a269.2
_bPol
100 _aPollock, John
245 _aTo All the Nations
260 _bMinneapolis; Billy Graham Evangelistic Association
_c1985
650 _aChristian Education
942 _2ddc
_cBK
998 _cbat
_e2011-05-20
_mcat
_u2019-07-03
999 _c8859
_d8859